000 00744nam a2200253 i 4500
001 18428
003 ES-MaACL
005 20230906151834.0
007 t|
008 011119s2001 sp ||||1| spa d
020 _a84-493-1093-8
080 _a342.721/722
080 _a304
100 1 _aCohen, Gerald Allan.
_939493
245 1 0 _aSi eres igualitarista, ¿cómo es que eres tan rico? /
_cGerald A. Cohen.
260 _aBarcelona :
_bPaidós Ibérica,
_c[2001]
300 _a260 p. ;
_c24 cm.
490 1 _aPaidós estado y sociedad ;
_v90
650 1 4 _aIgualdad.
_913579
650 1 4 _aJusticia social.
_914034
830 0 _aPaidós estado y sociedad ;
_v90
_9178635
852 _aES-MaACL
_jL-25040
_bR.130508
999 _c18428
_d18428